000 00628nam a22002057a 4500
999 _c8540
_d8540
001 22582
003 BD-DhUAP
005 20250212121406.0
008 250212b20212023ii a|||| |||| 001 0ceng d
020 _a9789354601637
040 _aDLC
_benglish
_cBD-DhUAP
_dBD-DhUAP
082 _223
_a621.381 NEA
100 _aNeaman Donalld D.
245 _aMicroelectronic circuits and devices /
_bNeaman Donalld D.
250 _a4th ed.
260 _aIndia
_bMcGraw Hill Education Private Limited
_c2023.
300 _axxi, 1370pages :
_c27 cm.
504 _aIncludes bibliographical references (p. 1359-1370) and index.
942 _2ddc
_cBK